000 00568nam a2200229Ia 4500
003 OSt
005 20220918221313.0
006 a|||||r|||| 00| 0
007 ta
008 220917b |||||||| |||| 00| 0 eng d
024 _a149,285
037 _cTextual
040 _aARTS
_cARTS
_beng
041 _2eng
_aeng
082 _aT:855, K41
100 _aJohnston Edgar G
_9140011
245 0 _aRole of the teacher in guidance
260 _c1964
650 _aEDUCATION
942 _hT:855, K41
_cTEXL
_2CC
999 _c271954
_d271954